MDQL
is popping MORE tags! Check the
thread
!
Quizzes
Events
Quiz Creation
Community
Videos
Private Events
Remove Ads
Sign In
Join for FREE
Feedback
Dark Mode
Quiz Categories
Sports
Geography
Music
Movies
Television
Just For Fun
Miscellaneous
History
Literature
Language
Science
Gaming
Entertainment
Religion
Holiday
For Kids
Quiz Lab
Recent
Popular Today
Quiz Kudos Today
Editor Picks
Curator Picks
Quizzes by...
Day
Popularity
Type
Ratings
Length
Year
Community
Subscriptions
Recent Discussions
Orange Saloon
Badges
Playlists
Quests
Create
Leaderboards
Showdown
Live 5
Trivia Bingo
Activity
Puzzle Library
Sporcle Events
Private Events
Virtual Trivia
Globe League
Become a Host
Pub Owners
SporcleCon
Opinionation
Our Games
Videos
Blog
Mobile Apps
Partnerships
Remove Ads and Go Orange
Feedback
Television
TV Characters
TV Show
Sitcom
Network
Friends
Reality Shows
Cast
South Park
Star Trek
The Simpsons
Doctor Who
Television
TV Characters
TV Show
Sitcom
Network
Friends
Reality Shows
Cast
South Park
Star Trek
The Simpsons
Doctor Who
Random Quiz
Search Sporcle
×
Quiz Lab
Quiz Lab
Television
This or That
Type in answers that appear in a list
Type in answers that appear in a list
Classic
Best Score? Go Orange.
Played themselves on Stats
Can you name the people who played themselves on '30 Rock'?
By
tjperiwinkle
5m
32 Questions
87 Plays
87 Plays
87 Plays
Comments
Comments
Give Quiz Kudos
Give Quiz Kudos
-
- Ratings
hide this ad
Forced Order
Answers have to be entered in order
Answers have to be entered in order
Wrong Answers
Some wrong answers will appear in red
Some wrong answers will appear in red
Replay
Link that replays current quiz
Next Quiz
Link to next quiz in quiz playlist
You Got
0%
They Got
Avg Score
79%
Avg Friend Score
Upgrade to see
Score Distribution
Jump to the score distribution portion of the page
Score
0/32
Timer
05:00
0
Plays Today
Person
Answer
% Correct
Al Gore
???
96.6%
Conan O'Brien
???
92%
Buzz Aldrin
???
89.7%
Jerry Seinfeld
???
88.5%
Brian Williams
???
87.4%
Larry King
???
87.4%
Aaron Sorkin
???
86.2%
David Schwimmer
???
86.2%
Jennifer Aniston
???
86.2%
Nathan Lane
???
85.1%
Julia Louis-
Dreyfuss
???
83.9%
Steve Martin
???
83.9%
Miley Cyrus
???
82.8%
Wesley Snipes
???
82.8%
Michael Keaton
???
81.6%
Queen Latifah
???
81.6%
Person
Answer
% Correct
Neil Patrick Harris
???
80.5%
Bill Murray
???
79.3%
Jim Carrey
???
79.3%
Al Roker
???
79.3%
John McEnroe
???
78.2%
Matt Damon
???
78.2%
Carrie Fisher
???
77%
James Franco
???
77%
Will Ferell
???
77%
Betty White
???
74.7%
Andy Richter
???
69%
Clay Aiken
???
67.8%
Lorne Michaels
???
67.8%
Derek Jeter
???
55.2%
Robert De Niro
???
55.2%
Tom Hanks
???
55.2%
Quiz Playlist
Details
Report
Send in Message
Add To Playlist
Classic:
Type in answers that appear in a list
Forced Order:
Answers have to be entered in order
Wrong Answers:
Some wrong answers will appear in red
Quiz Source
Last Updated: Feb 16, 2017
Quiz Scoreboard
CHALLENGE
Sign Up to Join the Scoreboard
Show All
Scores
Hide
Comments
May contain spoilers
Recently Published
Street Fighter Characters
by Artimus82
Gaming
60s
9x9 Crossword: Cartoon Network
by jackfrog10
Miscellaneous
3m
College Basketball Coaching Resumes
by pancakes188
Sports
9m
More to Explore
Quiz From the Vault
Featured Blog Post
Where Did the Easter Bunny Come From?
hide this ad
You Might Also Like...
Tags
Actor Quiz
This or That Quiz
30 Rock
Guest Stars
Liz Lemon
NBC
Today's Top Quizzes in Television
Browse Television
hide this ad
Today's Top Quizzes in This or That
Browse This or That
Top Contributed Quizzes in Television
1
5-to-1: The Simpsons Families
2
Adjectives in 80s TV Shows
3
Adjectives in 00s TV Shows
4
Survivor Journey Challenge
5
5-to-1: Television Doctors
6
7-to-1: TV Show Settings
7
Adjectives in 10s TV Shows
8
5-to-1: Streaming Originals
9
Survivor Seasons
10
Adjectives in 70s TV Shows
Explore More
Trending Topics
Kpop
Anime
Harry Potter
Marvel
Crossword
Disney
NBA
Song
NFL
Country
Soccer
The Office
Puzzle
WWE
Pokémon
hide this ad
More By:
tjperiwinkle
Quiz
Plays
Rating
Category
Featured
Created
Follow That Line: Sherlock (BBC)
114,186
4.79
Television
Sep 4, 2012
Harry Potter Chapter Titles by Category
4,850
4.76
Literature
Apr 13, 2011
Game of Thrones: Heraldry
4,822
4.75
Literature
Sep 21, 2012
Have We Met?: NFL Playoffs
3,119
4.60
Sports
Apr 2, 2013
Titles from Shakespeare Gallery
2,016
4.47
Literature
Oct 27, 2020
Go to Creator's Profile
Score Distribution
Quiz Creator Spotlight
tjperiwinkle
Follow
Send a Message
Quizzes Created
-
Created Quiz Play Count
-
More By This Creator
Popular Quizzes Today
1
Find the US States - No Outlines Minefield
2
Find the Countries of Europe - No Outlines Minefield
3
The Countries of the World
4
Find the US States
5
Risky Map Clicking: Biggest States A-Z
6
US States
7
Popular People in 1961
8
Movies - When Are They Set?
More Television Quizzes
'90s TV - Same Show, Different Face
Published
Trending Quizzes
Risky Map Clicking: Least Populous States A-Z
Countries of the World: 200 Million BC
1-10 Letter G Words
Risky Map Clicking: Next State Alphabetically
Adjectives in 80s TV Shows
Recently Updated
Leaping Animals
pecheneg
Reality TV Shows (A-Z)
bhenderson79
Rickey Henderson's Hall of Fame Teammates
pecheneg
Champions League XIs: Arsenal
pecheneg
Quick Pick: Celebrities in WWE's Hall of Fame
aduchscher
A-Z Keypad Blitz II
pecheneg
Multiple Oscar Actors
pecheneg
Mystery Phrase Blitz: Oscar 'Best Actors'
pecheneg
F. Scott Fitzgerald Novels
LTH
Pick 3 Villains
ddd62291
Trending Topics
Disney
Crossword
NBA
Marvel
Harry Potter
Kpop
Anime
NFL
Song
Puzzle
The Office
Pokémon
Soccer
Country
WWE
Your Account Isn't Verified!
In order to create a playlist on Sporcle, you need to verify the email address you used during registration. Go to your
Sporcle Settings
to finish the process.
Report this User
Report this user for behavior that violates our
Community Guidelines
.
Details:
Send Report
Go to the Sporcle.com Mobile Site →
Comments